| 000 | 00665nam a2200253 4500 | ||
|---|---|---|---|
| 005 | 20260322212011.0 | ||
| 008 | data | ||
| 010 | _a 77032054 | ||
| 020 | _a0668021934 | ||
| 020 | _a9780668021937 | ||
| 040 |
_aDLC _cDLC _dDLC |
||
| 050 | 0 | 0 |
_aGV1032.A5 _bE5 1972 |
| 082 | 0 | 0 |
_aB _aB |
| 092 | _a796.7 E5 1972 | ||
| 245 | 0 | 0 |
_aMario Andretti: the man who can win any kind of race. _cedited by Lyle Kenyon Engel. |
| 250 | _a[Rev. ed.] | ||
| 260 |
_aNew York, _bArco Pub. Co. _c[1972] |
||
| 300 |
_a159 p. _billus. _c24 cm. |
||
| 350 | _a{dollar}4.95 | ||
| 600 | 1 | 0 |
_aAndretti, Mario, _d1940- |
| 700 | 1 | _aEngel, Lyle Kenyon. | |
| 730 | _aAuto racing. | ||
| 001 | data | ||
| 999 |
_c219 _d219 |
||